Personnages du Studio Ghibli par images - Statistiques

Statistiques générales
  • Ce quiz a été pris 3 437 fois
  • Le résultat moyen est 10 sur 16
Statistiques - réponses
Par images Réponse % Correct
Totoro
99%
San
92%
Chihiro Ogino
91%
Kiki
91%
Ponyo
90%
Porco Rosso
75%
Arrietty
71%
Calcifer
68%
Chat-bus
63%
Sans-Visage
59%
Princesse Kaguya
48%
Hauru
47%
Yubaba
40%
Ashitaka
33%
Robot de Laputa
24%
Seita
9%
Aucun quiz correspondant
Distribution des résultats
% des personnes avec chaque résultat
Percentile par nombre de réponses
Votre historique - résultats
Vous n’avez pas pris ce quiz